00968nam a2200253 a 4500001001000000003000500010005001700015008004100032010001100073011001100084040000900095100003600104245019500140260004100335500006000376502008200436650001800518650002800536650001900564650003100583650001400614856001600628856007000644000109020CHAP20220329144034.0140328s2013 mx sm |||||||spa d a105482 a106454 cCHAP1 aBarrón Reséndiz, Jorge Luis10aProyecto de creación de una empresa social de servicios agrícolas para la producción rural en San José la Laja, Tequisquiapan, Qro.h[En línea]cpor Jorge Luis Barrón Reséndiz. aChapingo, Méx. :bEl autor,c2013. aPara ver el contenido del material haga clic en la liga aTesis (Ing. en Recursos Naturales Renovables) -- UACH. Departamento de Suelos14aAgricultores.14aEmpresas agropecuarias.14aLabranza cero.14aProyectosxFinanciamiento.14aServicios a1 n0000809 aFinding aiduhttp://10.13.5.2/tesis/sist109020.pdfzTeclea aquí